00358nam a2200145Ia 4500008004100000020001500041041001200056100001700068245005400085250000800139260003300147300000800180650001000188700001400198221030s9999 xx 000 0 und d a8131220207 aEnglish aW. Schofield 0aEngineering Surveyingcby W. Schofield, M. Breach a6th bReed ElsevieraHaryanac2009 a622 aCivil aM. Breach